Vista normal
Vista MARC
Entrada Personal Name
Número de registros utilizados en: 1
001 - CONTROL NUMBER
- control field: 4147
003 - CONTROL NUMBER IDENTIFIER
- control field: OSt
005 - DATE AND TIME OF LATEST TRANSACTION
- control field: 20240806101907.0
008 - FIXED-LENGTH DATA ELEMENTS
- fixed length control field: 240806|| aca||aabn | a|a d
040 ## - CATALOGING SOURCE
- Original cataloging agency: OSt
- Transcribing agency: OSt
100 ## - HEADING--PERSONAL NAME
- Personal name: Waschke, Jens
670 ## - SOURCE DATA FOUND
- Source citation: Work cat.: (OSt)3108: Paulsen, Friedrich Ed. 4146, Atlas de diseccion. , 2017.